Catálogo

Vista normal Vista MARC

Entrada Personal Name

Número de registros utilizados en: 1

001 - CONTROL NUMBER

  • control field: 13045

003 - CONTROL NUMBER IDENTIFIER

  • control field: DLC

005 - DATE AND TIME OF LATEST TRANSACTION

  • control field: 20220801121123.0

008 - FIXED-LENGTH DATA ELEMENTS

  • fixed length control field: 901219n| azannaab| |n aaa

010 ## - LIBRARY OF CONGRESS CONTROL NUMBER

  • LC control number: n 90725810

040 ## - CATALOGING SOURCE

  • Original cataloging agency: DLC
  • Language of cataloging: spa
  • Transcribing agency: Mx-PuUPA
  • Description conventions: rda
  • Modifying agency: DLC
  • Modifying agency: Mx-PuUPA

100 1# - HEADING--PERSONAL NAME

  • Personal name: Lawson, Stephanie,

374 ## - OCCUPATION

  • Occupation: Autotr

375 ## - GENDER

  • Gender: mujer

377 ## - ASSOCIATED LANGUAGE

  • Language code: eng

670 ## - SOURCE DATA FOUND

  • Source citation: Her The failure of democratic politics in Fiji, 1991:
  • Information found: CIP t.p. (Stephanie Lawson) pub. info. (senior tutor in politics, Univ. of New England, New South Wales, Australia)

670 ## - SOURCE DATA FOUND

  • Source citation: Her Tradition versus democracy in the South Pacific, 1996:
  • Information found: CIP t.p. (Stephanie Lawson) data sheet (b. Jan. 31, 1953)